| 000 -LEADER |
| fixed length control field |
01157pab a2200193 454500 |
| 008 - FIXED-LENGTH DATA ELEMENTS--GENERAL INFORMATION |
| fixed length control field |
180718b2013 xxu||||| |||| 00| 0 eng d |
| 100 ## - MAIN ENTRY--PERSONAL NAME |
| Personal name |
Pagnou, Sasso |
| 245 ## - TITLE STATEMENT |
| Title |
The role played by the judicial review in good governance process linked to decentralization: The case of Togo |
| 260 ## - PUBLICATION, DISTRIBUTION, ETC. |
| Date of publication, distribution, etc. |
2013 |
| 300 ## - PHYSICAL DESCRIPTION |
| Extent |
p.563-579. |
| 362 ## - DATES OF PUBLICATION AND/OR SEQUENTIAL DESIGNATION |
| Dates of publication and/or sequential designation |
Sep |
| 520 ## - SUMMARY, ETC. |
| Summary, etc. |
Judicial review of local authoritiesメ actions is necessary for the success of the process of decentralization as it allows conciliation of the principle of legality and the principle of free administration as elements of good governance. The judicial review joins thus a general movement of transformations aiming to strengthen democracy and the efficiency of public actions. It is then necessary to give to this control a definition adapted to this general context, an operating definition letting appear institutional reforms that must join this general movement of transformations. - Reproduce |
| 650 ## - SUBJECT ADDED ENTRY--TOPICAL TERM |
| Topical term or geographic name entry element |
Decentralization |
| 650 ## - SUBJECT ADDED ENTRY--TOPICAL TERM |
| Topical term or geographic name entry element |
Good governance |
| 650 ## - SUBJECT ADDED ENTRY--TOPICAL TERM |
| Topical term or geographic name entry element |
Public administration |
| 773 ## - HOST ITEM ENTRY |
| Main entry heading |
International Review of Administrative Sciences |
| 908 ## - PUT COMMAND PARAMETER (RLIN) |
| Put command parameter |
N |
| 909 ## - |
| -- |
101687 |